| 000 | 01097nam a2200289 i 4500 | ||
|---|---|---|---|
| 005 | 20260701113002.0 | ||
| 008 | 260630s2025 maua br 000 1 eng d | ||
| 020 |
_a9781623716462 _cRM110.00 _qhardback |
||
| 040 |
_aPPAK _beng _cPPAK _erda |
||
| 082 | 0 | 4 |
_223 _a892.737 |
| 090 | 0 | 0 |
_a892.737 _bMAH _dK |
| 100 | 1 |
_aMahfouz, Sahar Naja, _eauthor. |
|
| 245 | 1 | 0 |
_aMAMA'S SCENT / _cILLUSTRATED BY BARAA AWOOR ; WRITTEN BY SAHAR NAJA MAHFOUZ |
| 246 | 3 | 3 |
_iTranslation of: _aعطر أمي |
| 264 | 1 |
_aNorthampton, Massachusetts : _bCrocodile Books, _c2025 |
|
| 300 |
_a20 unnumbered pages : _bcolour illustrations ; _c26 cm |
||
| 336 |
_atext _2rdacontent |
||
| 337 |
_aunmediated _2rdamedia |
||
| 338 |
_avolume _2rdacarrier |
||
| 500 | _aFirst published in Arabic as عطر أمي in 2021. | ||
| 546 | _aTranslated from the Arabic. | ||
| 650 | 1 | 0 |
_aChildren's stories, Arabic _vTranslations into English. |
| 650 | 2 | 0 |
_aEnglish fiction _vTranslations from Arabic. |
| 650 | 2 | 0 |
_aMother and child _vJuvenile fiction. |
| 700 | 1 |
_aAwoor, Baraa, _eillustrator. |
|
| 942 |
_2ddc _cB |
||
| 999 |
_c204711 _d204711 |
||